Quản trị dự án đầu tư

Đã lưu trong:
書目詳細資料
主要作者: Ts.Nguyễn Xuân Thuỷ
格式: 圖書
語言:Vietnamese
出版: NOTNXB 2001
標簽: 添加標簽
沒有標簽, 成為第一個標記此記錄!
Thư viện lưu trữ: Mạng thư viện Đại học Đà Nẵng
LEADER 00632nam a2200277 4500
001 000026126
003 1657
005 20150325120000.0
008 150325s vm 000 vie
020 |c 33000,0000 
040 |a NOTTS 
100 |a Ts.Nguyễn Xuân Thuỷ 
245 |a Quản trị dự án đầu tư 
260 |b NOTNXB  |c 2001 
300 |a 296tr. ; 
OWN |a LTT 
999 |a From the UDN01 
TYP |a Monograph 
TYP |a Printed language 
980 |a Mạng thư viện Đại học Đà Nẵng